000 01113nam a2200265 4500
001 148645
003 ES-MaACL
005 20260215143816.0
007 t|
008 070214s1915 xxu r ||||1| eng d
245 0 4 _aThe study of History in schools
_b: report to the American Historical Association /
_cby the Committee of Seven, Andrew C. McLaughlin... [et al.].
260 _aNew York :
_bThe Macmillan Company,
_c1915.
300 _aX, 268 p. ;
_c19 x 12 cm.
500 _aMiembros del `Committee of Seven`: Andrew C. McLaughlin, chairman, Herbert B. Adams, George L. Fox, Albert Bushnell Hart, Charles H. Haskins, Lucy M. Salmon, H. Morse Stephens.
700 1 _aMcLaughlin, Andrew Cunningham.
_979600
700 1 _aAdams, Herbert Baxter,
_d1850-1901
_918389
700 1 _aFox, George L.
_952023
700 0 _aHarth, Albert Bushnell
_961974
700 1 _aHaskins, Charles Homer.
_962037
700 1 _aStephens, H. Morse.
_9108107
700 1 _aSalmon, Lucy Maynard.
_9102001
710 2 _aAmerican Historical Association.
_91360
852 _aES-MaACL
_jF-10087
999 _c148645
_d148645